KOHA-Header-6

Wajid Ali Shah : Unki Shayree aur Mersiyee (Record no. 2477)

000 -LEADER
fixed length control field 00384nam a2200145Ia 4500
003 - CONTROL NUMBER IDENTIFIER
control field MAJU-Karachi
005 - DATE AND TIME OF LATEST TRANSACTION
control field 20210121155132.0
008 - FIXED-LENGTH DATA ELEMENTS--GENERAL INFORMATION
fixed length control field 190802s9999 xx 000 0 und d
040 ## - CATALOGING SOURCE
Transcribing agency DLC
100 ## - MAIN ENTRY--PERSONAL NAME
Personal name Dr. Syed Manzir Hussain
245 #0 - TITLE STATEMENT
Title Wajid Ali Shah : Unki Shayree aur Mersiyee
260 ## - PUBLICATION, DISTRIBUTION, ETC. (IMPRINT)
Place of publication, distribution, etc Karachi
Name of publisher, distributor, etc Sheikh Shuokat Ali Sons
Date of publication, distribution, etc 2004
300 ## - PHYSICAL DESCRIPTION
Extent 368:p
942 ## - ADDED ENTRY ELEMENTS (KOHA)
Koha item type Urdu Literature
Source of classification or shelving scheme
Holdings
Withdrawn status Lost status Source of classification or shelving scheme Damaged status Not for loan Collection code Permanent Location Current Location Shelving location Date acquired Full call number Barcode Date last seen Price effective from Koha item type
          Urdu Literature MAJU MAJU   2019-08-03 891.43 9100 2019-08-03 2019-08-03 Urdu Literature

Powered by Koha